Lanean...

An ordinary person's guide to empire.

Xehetasun bibliografikoak
Egile nagusia: Arundhati Roy
Formatua: Printed Book
Argitaratua: New Delhi : Penguin Books, 2006.
Gaiak:
LEADER 00476nam a22001457a 4500
020 |a 0144001606 
082 |a 824  |b ARU/A 
100 |a Arundhati Roy. 
245 |a An ordinary person's guide to empire. 
260 |a New Delhi :  |b Penguin Books,  |c 2006. 
300 |a 424p.; 
650 |a Literature-English 
942 |c BK 
999 |c 100541  |d 100541 
952 |0 0  |1 0  |4 0  |6 824_000000000000000_ARU_A  |7 0  |9 93939  |a SSS  |b SSS  |c LIT  |d 2012-05-02  |l 2  |o 824 ARU/A  |p SSS05335  |r 2012-10-09  |s 2012-09-11  |w 2012-05-02  |y BK